Into the heart of Borneo : an account of a journey made in 1983 to the mountains of Batu Tiban with James Fenton

Αποθηκεύτηκε σε:
Λεπτομέρειες βιβλιογραφικής εγγραφής
Κύριος συγγραφέας: O'Hanlon, Redmond, 1947-
Μορφή: Βιβλίο
Γλώσσα:English
Δημοσίευση: Harmondsworth : Penguin Books, 1985
Θέματα:
Ετικέτες: Προσθήκη ετικέτας
Δεν υπάρχουν, Καταχωρήστε ετικέτα πρώτοι!

MARC

LEADER 00000cam a2200000 i 4500
001 1/26967
008 060327s1985 eng d
020 |a 0-14-007397-3 
035 |l 10083293 
040 |a GR-MY-UA  |b gre  |e aacr 
041 0 |a eng 
082 0 |a 915.9830422  |2 (22) 
100 1 |a O'Hanlon, Redmond,   |d 1947- 
245 1 0 |a Into the heart of Borneo :  |b an account of a journey made in 1983 to the mountains of Batu Tiban with James Fenton /  |c Redmond O'Hanlon 
260 |a Harmondsworth :   |b Penguin Books,   |c 1985 
300 |a 191 σ.;  |b φωτ., εικ.;  |c 24 εκ. 
504 |a Περιέχει βιβλιογραφία (σ. 185-188) και ευρετήριο 
651 0 |a Borneo  |x Description and travel. 
852 |a INST  |b LESVOS  |e 20060327  |h 915.9830422 OHA  |p 005100034793  |q 005100034793  |t BK  |y 0 
901 |a BIBL1-2006-1 
909 |a Λ  |b 126150 
970 |a ΚΑΡΑ  |b ΓΙΑΣΕΜΗ  |z 2006/03/27